=LDR 00000nam 2200000 4500 =001 INLIS000000000021933 =005 20260205035238 =035 ##$$a 0010-061300000021933 =008 260205################g##########0#ind## =041 ##$$a Ind =082 ##$$a 371.2 =090 ##$$a 371.2, Mul m =100 ##$$a Mulyasa, E =245 1#$$a Menjadi kepala sekolah profesional : $b dalam konteks menyukseskan MBS dan KBK /$c DR. E. Mulyasa, M.Pd =260 ##$$a Bandung :$b Rosda,$c 2004 =300 ##$$a xi, 289 hlm ; $c 28x15 cm. =650 #4$$a Pendidikan =850 ##$$a NBPNMAT =020 ##$$a 979-692-271-1 =084 ##$$a 371.2 MUL m =250 ##$$a cet.1 =520 ##$$a Bibliografi : Hlm. 285 -289 =990 ##$$a 10405818 =990 ##$$a 10405819 =990 ##$$a 10405818 =990 ##$$a 10405819 =990 ##$$a 10405818 =990 ##$$a 10405819